Advanced cost accounting: (Record no. 155929)

MARC details
000 -LEADER
fixed length control field 00603nam a22002417a 4500
003 - CONTROL NUMBER IDENTIFIER
control field OSt
020 ## - INTERNATIONAL STANDARD BOOK NUMBER
International Standard Book Number 9789327230260
082 ## - DEWEY DECIMAL CLASSIFICATION NUMBER
Classification number 657.42
Item number JAI/Ad
100 ## - MAIN ENTRY--PERSONAL NAME
Personal name Jain, S P
245 ## - TITLE STATEMENT
Title Advanced cost accounting:
Remainder of title cost management
250 ## - EDITION STATEMENT
Edition statement 13, rev.
260 ## - PUBLICATION, DISTRIBUTION, ETC. (IMPRINT)
Place of publication, distribution, etc New Delhi
Name of publisher, distributor, etc Kalyani Publications
Date of publication, distribution, etc 2013
300 ## - PHYSICAL DESCRIPTION
Extent viii, 7-16p.
546 ## - LANGUAGE
Language note English
650 ## - SUBJECT ADDED ENTRY--TOPICAL TERM
Topical term or geographic name as entry element Material cost and control
650 ## - SUBJECT ADDED ENTRY--TOPICAL TERM
Topical term or geographic name as entry element Labour cost
650 ## - SUBJECT ADDED ENTRY--TOPICAL TERM
Topical term or geographic name as entry element Accounting
650 ## - SUBJECT ADDED ENTRY--TOPICAL TERM
Topical term or geographic name as entry element Overhead costs
650 ## - SUBJECT ADDED ENTRY--TOPICAL TERM
Topical term or geographic name as entry element Specific order costing
700 ## - ADDED ENTRY--PERSONAL NAME
Personal name Narang, K L
700 ## - ADDED ENTRY--PERSONAL NAME
Personal name Agrawal, Simmi
942 ## - ADDED ENTRY ELEMENTS (KOHA)
Source of classification or shelving scheme Dewey Decimal Classification
Koha item type Books (General)
Holdings
Lost status Source of classification or shelving scheme Damaged status Not for loan Collection code Home library Current library Shelving location Date acquired Cost, normal purchase price Total Checkouts Full call number Barcode Date last seen Koha item type
  Dewey Decimal Classification     General KAU Central Library, Thrissur KAU Central Library, Thrissur General 02/07/2017 595.00   657.42 JAI/Ad 227219 02/07/2017 Books (General)
Kerala Agricultural University Central Library
Thrissur-(Dt.), Kerala Pin:- 680656, India
Ph : (+91)(487) 2372219
E-mail: librarian@kau.in
Website: http://library.kau.in/